000 00366 a2200157 4500
001 158616
020 _a
040 _cMagnum
100 _aFerreira, Graca Maria Lemos
240 1 0 _aGeografia em mapas: continente americano
_lpor
245 1 0 _aGeografia em mapas: continente americano
362 0 _a1899
440 1 _aModerna
697 _aATLAS
942 _cBK
999 _c158616
_d158616